Critical study of Persian prose writings during the reign of Akbar 963AH/1556 AD-1014AH/1605 AD (Record no. 878510)

MARC details
000 -LEADER
fixed length control field 00840nam a2200265Ia 4500
003 - CONTROL NUMBER IDENTIFIER
control field OSt
005 - DATE AND TIME OF LATEST TRANSACTION
control field 20220930085205.0
008 - FIXED-LENGTH DATA ELEMENTS--GENERAL INFORMATION
fixed length control field 220926b |||||||| |||| 00| 0 eng d
037 ## - SOURCE OF ACQUISITION
Terms of availability Theses
040 ## - CATALOGING SOURCE
Original cataloging agency CRL
Transcribing agency CRL
Language of cataloging eng
041 ## - LANGUAGE CODE
Source of code eng
Language code of text/sound track or separate title eng
100 ## - MAIN ENTRY--PERSONAL NAME
Personal name Aamir Akhtar
9 (RLIN) 539658
110 ## - MAIN ENTRY--CORPORATE NAME
Corporate name or jurisdiction name as entry element University of Delhi. Faculty of Arts. Department of Persian
9 (RLIN) 520241
245 #0 - TITLE STATEMENT
Title Critical study of Persian prose writings during the reign of Akbar 963AH/1556 AD-1014AH/1605 AD
260 ## - PUBLICATION, DISTRIBUTION, ETC.
Date of publication, distribution, etc. 2008
300 ## - PHYSICAL DESCRIPTION
Extent 250p.
-- p.
Dimensions cm.
650 ## - SUBJECT ADDED ENTRY--TOPICAL TERM
Topical term or geographic name entry element PERSIAN LANGUAGE
700 ## - ADDED ENTRY--PERSONAL NAME
Personal name Dr. Idris Ahmad Gu.
9 (RLIN) 539659
700 ## - ADDED ENTRY--PERSONAL NAME
Personal name University of Delhi. Faculty of Arts. Department of Persian
9 (RLIN) 520242
942 ## - ADDED ENTRY ELEMENTS (KOHA)
Koha item type Dissertations
Source of classification or shelving scheme Colon Classification (CC)

No items available.

Copyright @ Delhi University Library System